00723 2200301 4500001002100000005001500021035002000036007000300056008004100059020002000100082000800120084001400128100001900142245005200161260004400213300003100257650002000288990001200308990001200320990001100332990001200343990001100355990001100366990001100377990001100388990001100399990001100410INLIS00000000000201820180530105326 a0010-0518000088ta180530 g 0 ind  a978-602-02-8118 a028 a028 AWA e0 aAWAN, Yulianto1 aExperience Book: Travel Series /cAwan Yulianto aJakarta :bElex Media Komputindo,c2016 a50 hlm. :bilus. ;c17 cm. aBUKU DAN BACAAN a16685 a a16685 b a16685b a16685 a a16685a a16685b a16685b a16685a a16685a a16685b